000 01685 a2200229 4500
001 54540
005 20260407155818.0
008 260407a1951 arg spa d
003 AR-UNSa-BCEJYS
040 _aAR-UNSa-BCEJYS
_bspa
_cAR-UNSa-BCEJYS
080 _a330
_xEconomía en general
245 1 0 _aCurso superior de economía
250 _a4a. ed
264 1 _aMéxico :
_bFondo de Cultura Económica
_c1951
300 _a476 p.
_c23 cm.
505 _aParte I: La demanda - I. El panorama económico - II. Los mercados - III. La demanda - IV. El precio cuando la demanda es estable - V. Variaciones de la demanda - VI. Demanda,oferta y precio - Parte II: La producción - VII. El volumen de la producción - VIII. La división del trabajo - IX. Combinación de los factores - X. El capital - XI. La producción en régimen de dictadura - Parte III: El sistema de precios y el capitalismo - XII. El poder regulador de la demanda - XIII. Los problemas de la empresa - XIV. Movilidad de los factores de la producción - XV. Monopolio - XVI. Teoría de los costos - XVII. Salarios - XVIII. Interés - XIX. Renta - XX. El Estado - XXI. El progreso económico - Parte IV: Moneda y banca - XXII. Naturaleza y funciones del dinero - XXIII. Los bancos - XXIV. Los mercados de dinero y los bancos centrales - XXV. El valor del dinero - Parte V: El comercio internacional - XXVI. El comercio internacional - XXVII. Balanza de pagos - XXVIII. Cambios libres - XXIX. El patrón oro - XXX. El control de cambios - XXXI. Aranceles y contingentes
041 _aspa
942 _cBK
590 _aniveau_biblio:m niveau_hierar:0
100 1 _aBenham, Frederic
700 1 _aUrquidi, Víctor L.
999 _c5620
_d5620